01837nam a22004217a 4500003000500000005001700005008004100022010001000063011001000073035001000083040000900093090001000102100004700112245011700159260004000276300002300316502007400339590003700413590004100450590004100491590004100532590004100573590004100614590004200655650003900697650004800736650003600784650003300820901000700853942000900860949003500869949004700904949004800951999001700999952013201016952014001148952012701288CHAP20220817041500.0971013s1979 r 00010 d a15761 a16733 a20815 cCHAP aTesis00aHinojosa Cuéllar, Gustavo Adolfo.955514 aModelos digitales para el estudio de planes de riego , caso Distrito de Riego No. 38 Río Mayo Sonora, México aChapingo, Méx. :bEl Autor,c1979 a119 h.b: apénd. aTesis (Ing. Agr. Esp. en Irrigación) -- ENA. Depto. de Irrigación aALEPHb10c20130110lUCH01h1238 aBATCH-UPDb10c20130110lUCH01h0235 aBATCH-UPDb10c20130110lUCH01h1246 aBATCH-UPDb10c20130409lUCH01h2300 aBATCH-UPDb10c20130410lUCH01h1539 aBATCH-UPDb10c20130914lUCH01h1209 aCONVERSIONb10c20130109lUCH01h131014aDistrito de Riego Río Mayo, Son.14aIrrigaciónxModelos matemáticos.96043114aIrrigaciónxProyectos.96044314aIrrigaciónxSonora.960483 aBK cFOLL bBCcTESd-48443eTS1i20815si bBCcTESd-48445eTS2fc.3h22113i20815si bBCcTESd33724000981767eTS2fc.2i20815si c15761d15761 00102local4053708TESISaBCbBCcPA_TESISd2012-12-17fTESISl0oTesisp-48445r2019-12-31 00:00:00tc.3w2019-12-31yTESIS 00102local4053708TESISaBCbBCcPA_TESISd2012-12-17fTESISl0oTesisp33724000981767r2019-12-31 00:00:00tc.2w2019-12-31yTESIS 00102local4051718TESISaBCbBCcPA_TESISd2019-12-31fTESISl0oTesisp-48443r2019-12-31 00:00:00w2019-12-31yTESIS